Schaum's outline of introduction to computer science / (Record no. 2978)
[ view plain ]
| 000 -LEADER | |
|---|---|
| fixed length control field | 00697nam a22002172 4500 |
| 001 - CONTROL NUMBER | |
| control field | 0000005795 |
| 005 - DATE AND TIME OF LATEST TRANSACTION | |
| control field | 20151217145826.0 |
| 008 - FIXED-LENGTH DATA ELEMENTS--GENERAL INFORMATION | |
| fixed length control field | 070717s xx 000 0 eng d |
| 020 ## - INTERNATIONAL STANDARD BOOK NUMBER | |
| International Standard Book Number | 0070582963 : |
| Terms of availability | KES 750 |
| 040 ## - CATALOGING SOURCE | |
| Original cataloging agency | KABU |
| Transcribing agency | KABU |
| 050 #0 - LIBRARY OF CONGRESS CALL NUMBER | |
| Classification number | QA76 |
| Item number | .M38 2003 |
| 100 1# - MAIN ENTRY--PERSONAL NAME | |
| Personal name | Mata-toledo, Ramon A. |
| -- | 0000157018 |
| 245 10 - TITLE STATEMENT | |
| Title | Schaum's outline of introduction to computer science / |
| Statement of responsibility, etc. | Ramon A. Mata-toledo, Pauline K. Cushman. |
| 260 ## - PUBLICATION, DISTRIBUTION, ETC. (IMPRINT) | |
| Place of publication, distribution, etc. | New Delhi : |
| Name of publisher, distributor, etc. | Tata McGraw-Hill, |
| Date of publication, distribution, etc. | 2003. |
| 300 ## - PHYSICAL DESCRIPTION | |
| Extent | viii, 296 p. |
| 650 #0 - SUBJECT ADDED ENTRY--TOPICAL TERM | |
| Topical term or geographic name as entry element | Computer science. |
| -- | 0000058480 |
| 700 1# - ADDED ENTRY--PERSONAL NAME | |
| Personal name | Cushman, Pauline K. |
| -- | 0000157019 |
| 908 ## - PUT COMMAND PARAMETER (RLIN) | |
| Put command parameter | 070717 |
| 950 ## - LOCAL HOLDINGS (RLIN) | |
| -- | 1 |
| Withdrawn status | Lost status | Source of classification or shelving scheme | Not for loan | Home library | Current library | Date acquired | Total Checkouts | Total Renewals | Full call number | Barcode | Date last seen | Date last checked out | Price effective from | Koha item type |
|---|---|---|---|---|---|---|---|---|---|---|---|---|---|---|
| Library of Congress Classification | Kabarak, Main Campus | Kabarak, Main Campus | 17/12/2015 | 10 | 2 | QA76 .M38 2003 | 004705 | 31/10/2019 | 24/10/2019 | 17/12/2015 | General Collection |